| 000 | 00796pam a2200253 a 4500 | ||
|---|---|---|---|
| 001 | 2127140 | ||
| 005 | 20180309080417.0 | ||
| 008 | 971202s1998 ncu b 001 0 eng | ||
| 010 | _a 97044269 | ||
| 020 | _a0807824224 (cloth : alk. paper) | ||
| 020 | _a0807847232 (pbk. : alk. paper) | ||
| 040 |
_aDLC _cDLC _dDLC |
||
| 041 | _aeng | ||
| 043 | _an-us--- | ||
| 080 | _a320.97309 WOO | ||
| 082 | 0 | 0 |
_a320.97309 WOO _221 |
| 100 | 1 | _a20 | |
| 101 | _aPOL | ||
| 245 | 1 | 4 |
_aThe creation of the American Republic, 1776-1787 / _cby Gordon S. Wood. |
| 504 | _aIncludes bibliographical references and index. | ||
| 906 |
_a7 _bcbc _corignew _d1 _eocip _f19 _gy-gencatlg |
||
| 942 |
_2ddc _cBK |
||
| 999 |
_c44608 _d44608 |
||